Pays d'origine des joueurs de la Bundesliga allemande - Statistiques

Statistiques générales
  • Ce quiz a été pris 273 fois
  • Le résultat moyen est 16 sur 20
Statistiques - réponses
Nombre de joueurs Pays % Correct
272 Allemagne
100%
42 France
100%
5 Italie
94%
11 Belgique
89%
11 Suisse
89%
8 Angleterre
88%
5 Brésil
88%
19 Pays-Bas
88%
8 Pologne
87%
9 Portugal
87%
24 Autriche
86%
18 Danemark
81%
6 Norvège
78%
10 États-Unis
73%
18 Croatie
69%
5 Hongrie
62%
10 Japon
62%
8 République Tchèque
61%
5 Grèce
54%
4 Ghana
29%
Aucun quiz correspondant
Distribution des résultats
% des personnes avec chaque résultat
Percentile par nombre de réponses
Votre historique - résultats
Vous n’avez pas pris ce quiz